Представление документа в формате MARC21

Поле Инд. ПП Название Значение
Тип записи a
Библиографический уровень b
001 Контрольный номер DU/528475808
005 Дата корректировки 20260414100219.1
008 Кодируемые данные 20160928
040 b Код языка каталог. rus
e Правила каталог. PSBO
041 0_ a Код языка текста rus
084 a Индекс другой классификации/Индекс ББК 65.291.34; 65.262.101-32
100 1_ a Автор Губанов Р. С.
245 10 a Заглавие Кобрендинг как нетрадиционный способ коммуникаций с потребительской средой
520 0_ a Аннотация В статье описывается необходимость использования кобрендинга в целях расширения целевой аудитории и повышения объема продаж. Описываются принципы брендинга и условия разработки эффективной стратегии продвижения продукции, в том числе посредством кобрендинга. Иллюстрируется пример кобрендинга на рынке банковских услуг в форме взаимодействия с потребительской средой посредством использования премиальных кобрендовых карт
650 14 a Основная рубрика банковское дело
a Основная рубрика кредитно-денежная система
a Основная рубрика маркетинг
a Основная рубрика финансы
a Основная рубрика экономика
a Основная рубрика экономика предприятия
653 1_ a Ключевые слова антикризисный маркетинг
a Ключевые слова банковские услуги
a Ключевые слова брендинг
a Ключевые слова бренды
a Ключевые слова кобрендинг
a Ключевые слова краудсорсинг
a Ключевые слова маркетинговые коммуникации
a Ключевые слова объем продаж
a Ключевые слова потребительский спрос
a Ключевые слова премиальные кобрендовые карты
a Ключевые слова продвижение продукции
a Ключевые слова реализация бренда
a Ключевые слова рекламная деятельность
773 08 t Заглавие источника Маркетинг в России и за рубежом
d Дата издания источника 2015
g Прочая информация № 5. - С. 59 - 63 : рис.
w Контрольный № источника RU/IS/BASE/499273216
901 t Тип документа b